|
|
|
|
| LEADER |
00000cam a22000007a 4500 |
| 001 |
24201 |
| 003 |
CZ-ZlUTB |
| 005 |
20190825234635.0 |
| 008 |
050404s2002 xr |||||r|||||||||||cze|d |
| 020 |
|
|
|a 8070133635
|q (brož.)
|
| 040 |
|
|
|a ABA001
|b cze
|c ABA001
|d ZLD002
|
| 072 |
|
7 |
|a 613
|x Hygiena. Lidské zdraví
|2 Konspekt
|9 14
|
| 080 |
|
|
|a (035)
|2 v
|
| 080 |
|
|
|a 613.98:364.6
|2 v
|
| 100 |
1 |
|
|a Haškovcová, Helena,
|d 1945-
|7 jk01040120
|4 aut
|
| 245 |
1 |
0 |
|a Manuálek sociální gerontologie /
|c [Helena Haškovcová]
|
| 250 |
|
|
|a Vyd. 1.
|
| 260 |
|
|
|a Brno :
|b Institut pro další vzdělávání pracovníků ve zdravotnictví,
|c 2002
|
| 300 |
|
|
|a 72 s. ;
|c 21 cm
|
| 490 |
1 |
|
|a České ošetřovatelství ;
|v 10
|
| 500 |
|
|
|a 3000 výt
|
| 504 |
|
|
|a Obsahuje bibliografii
|
| 650 |
0 |
7 |
|a ošetřovatelství
|7 ph123893
|2 czenas
|
| 650 |
0 |
4 |
|a staří lidé
|
| 830 |
|
0 |
|a České ošetřovatelství
|
| 910 |
|
|
|a ZLD002
|
| 952 |
|
|
|0 0
|1 0
|4 0
|6 61MANUÁLEK
|7 0
|8 BOOK
|9 45734
|a UTBZL
|b UTBZL
|c 005
|d 2006-07-29
|l 0
|o 61/MANUÁLEK
|p 420010088375
|r 2019-08-25 00:00:00
|v 27.00
|w 2019-08-25
|x N:nákup | 20100831
|y 01
|
| 952 |
|
|
|0 0
|1 0
|4 0
|6 61MANUÁLEK
|7 0
|8 BOOK
|9 45735
|a UTBZL
|b UTBZL
|c 006
|d 2006-07-29
|l 36
|m 4
|o 61/MANUÁLEK
|p 420010088376
|r 2025-04-28 00:00:00
|s 2025-04-22
|v 27.00
|w 2019-08-25
|x N:nákup
|y 04
|
| 952 |
|
|
|0 0
|1 0
|4 0
|6 61MANUÁLEK
|7 0
|8 BOOK
|9 45736
|a UTBZL
|b UTBZL
|c 006
|d 2006-07-29
|l 32
|m 4
|o 61/MANUÁLEK
|p 420010088377
|r 2023-06-07 00:00:00
|s 2023-03-27
|v 27.00
|w 2019-08-25
|x N:nákup | 20100831
|y 04
|
| 992 |
|
|
|a BK
|b SK
|d 63
|
| 999 |
|
|
|c 24201
|d 24201
|